000 00757nam a2200241 i 4500
003 DO-SdBNP
005 20241022135356.0
007 ta
008 110701s1979 dr 000 spa d
040 _aDO-SdBNP
_bspa
_cBNPHU
_erda
082 4 _axxx
_bR789J
_222
100 1 _aRosario Candelier, Bruno,
_d1941-
_eautor
_4aut.
_9851
245 1 0 _aJuan Bosch :
_b un texto, un análisis y una entrevista /
_cBruno Rosario Candelier
250 _aPrimera edición
264 4 _aSanto Domingo :
_bEditora Alfa y Omega,
_c1979.
300 _a77 páginas ;
_c21 cm.
336 _atexto
_btxt
_2rdacontent
337 _asin mediación
_bn
_2rdamedia
338 _avolumen
_bnc
_2rdacarrier
590 _aInventariado, 2024/BT
910 _aBtavárez
942 _2ddc
_cLBS1
999 _c31230
_d31230